01238nam a2200325 u 450000100100000000500170001000800410002702000180006802000180008604100090010404300120011309000120012510000190013724500790015625000120023526000340024730000190028149000080030050000390030850000630034750000700041065000120048065000240049265000260051665000280054270000390057099900150060995201440062495201440076800005643120200120223241.0130617s2007 sp gr 000 0 spa d a9788426136107 a97895888462000 a|spa ae-sp--- aAbWRIC1 aWright, Cliff,10aOso y barca /cCliff Wright ; traducción de Élodie Bourgeois Bertín. a1a. ed. aBarcelona :bJuventud,c2007. a[14] p. :bil. 0aOso aTítulo original : Bear and boat. aEj.1 de la Biblioteca Subachoque con ISBN : 9789588846200. aEj.1 de la Biblioteca Carlos E. Restrepo con ISBN : 978958884620014aÁlbum24aLiteratura infantil24aOsos en la literatura24aAmigos en la literatura1 aBourgeois Bertín, Éloide,etr. c5808d5808 00102ddc40708LIaBPMOSbBPMOSd2020-01-20i110281l5oA WRICpMOS001727r2024-06-21s2024-06-06tej.1w2020-01-20yBKLITzQuince días 00102ddc40708LIaBPMOSbBPMOSd2020-01-20i110289l2oA WRICpMOS482533r2024-07-08s2024-06-28tej.1w2020-01-20yBKLITzQuince días